Регионална библиотека "Любен Каравелов" - Русе

La pensee politique (Запис номер 41396)

MARC детайли
000 -Лидер
Контролно поле с фиксирана дължина 00740nam a2200265 c 4500
003 - Код на организацията, давaща контролен номер
Контролно поле BLK
005 - Дата и час на последна редакция
Контролно поле 20180420221314.0
008 - Елементи от данни с фиксирана дължина
fixed length control field 180408b bul|||||r ||||||| ||bul||
010 ## - Наследен системен номер
LC control number KNG00044960000
020 ## - Международен стандартен номер на книга ISBN
Международен стандартен номер на книга ISBN 2-03-741005-0
-- издат.: Larousse
040 ## - Източник на каталожния запис
Идентификатор на билиотеката - собственик на записа BLK
041 ## - Код за език
Код за езика на текст/звукозапис или на отделно заглавие Френски
Код за езика КДБФ Френски
080 ## - УДК
Текстов определител УДК Политика. Вж и 341 ; 342
УДК код - определител по УДК 32
УДК определител .01
УДК - код + определител 32.01
100 1# - Редна дума - Автор
Автор Colas, Dominique
Авторска отговорност първи автор
R(LIN) 7447
139 ## - Редно поле
Редна дума COLAS, Dominique
Авторски знак
245 10 - Сведения за заглавието
Заглавие La pensee politique
Редно поле (дума) Dominique Colas.
260 ## - Област на издателските данни
-- Paris
Име на издателя, разпространителя и проч. Larousse
Година на издаване 1992
300 ## - Физическа характеристика
Страници 768 c
Размери/Мащаб 22 cm
490 1# - СЕРИИ (Колекции)
Име на серия Textes essentiels
852 ## - Местоположение
Форматна сигнатура Цб 199120
856 4# - Електронен адрес и достъп
Електронен формат pdf - файл
Път до файла /url/
856 4# - Електронен адрес и достъп
Електронен формат pdf - файл
Път до файла /url/
942 ## - АРТИКУЛИ
Вид на библиотечния материал Книги
Скрит в OPAC Не
944 ## - СЪЗДАВАНЕ И РЕДАКЦИЯ на ЗАПИСА
Създаване/Редакция Създаване
Дата на регистрацията/редакция 01.01.1999
Служител, извършил регистрацията/редакцията AB_DOS
944 ## - СЪЗДАВАНЕ И РЕДАКЦИЯ на ЗАПИСА
Създаване/Редакция Редакция
Дата на регистрацията/редакция 15.01.2003
Служител, извършил регистрацията/редакцията
999 ## - СИСТЕМНИ КОНТРОЛНИ НОМЕРА
Koha biblionumber 41396
Koha biblioitemnumber 41396
Наличности
Код за отписване Код за изгубен артикул Код за повреда Коз за рестрикции Код за отдаване Артикулен № Име на библиотеката - собственик Име на библиотеката, в която се намира в момента Статус (Текущо местоположение) Дата на вписване в системата Местоположение - отдел Цена в лева Инвентарен номер Систематично азбучна сигнатура Баркод Номер на екземпляра Цена в евро Служебна бележка Служебен тип на артикула
  Не е изгубен Не е повреден без рестрикции заемане за дома 64861 Регионална библиотека "Любен Каравелов" Русе Регионална библиотека "Любен Каравелов" Русе ЧЧЗО - англ. ез. - Британски съвет 2001-01-01 ЧЧЗО - англ. ез. - Британски съвет 0.00 645706 Ч3 32/C69D 645706 1 0.00 Дата инв: 21.03.2015 Бележки инв: Ч32015 Книги
Vip Innovations Ltd, Rousse, Bulgaria 2025